Manual de cuidado paliativo en el anciano /

Gespeichert in:
Bibliographische Detailangaben
1. Verfasser: Torres Espinosa, Catalina (autora.)
Weitere Verfasser: Camacho Caicedo, Alejandra (autora.), Atencio De León, Diana (autora.)
Format: E-Book
Sprache:Spanisch
Veröffentlicht: Bogotá : Editorial Médica Celsus, 2024.
Ausgabe:3a edición.
Schlagworte:
Online-Zugang:https://elibro.unach.elogim.com/es/lc/unach/titulos/281099
Tags: Tag hinzufügen
Keine Tags, Fügen Sie den ersten Tag hinzu!

MARC

LEADER 00000nam a2200000 i 4500
001 ELB281099
003 FINmELB
005 20250421132030.5
006 m o d |
007 cr cnu||||||||
008 250325s2024 ck o 001 0 spa d
020 |a 9789589327746  |q (print) 
035 |a (OCoLC)1516264316 
040 |a FINmELB  |b spa  |e rda  |c FINmELB 
050 4 |a RC952.5  |b T693 2024 
080 |a 616-053.9 
082 0 4 |a 618.97  |2 23 
100 1 |a Torres Espinosa, Catalina,  |e autora. 
245 1 0 |a Manual de cuidado paliativo en el anciano /  |c Catalina Torres Espinosa, Alejandra Camacho Caicedo, Diana Atencio De León. 
250 |a 3a edición. 
264 1 |a Bogotá :  |b Editorial Médica Celsus,  |c 2024. 
300 |a 1 recurso en línea (368 páginas) 
336 |a texto  |b txt  |2 rdacontent/spa 
337 |a computadora  |b c  |2 rdamedia/spa 
338 |a recurso en línea  |b cr  |2 rdacarrier/spa 
500 |a Incluye índice. 
588 |a Descripción basada en metadatos suministrados por el editor y otras fuentes. 
590 |a Recurso electrónico. Santa Fe, Arg.: elibro, 2025. Disponible vía World Wide Web. El acceso puede estar limitado para las bibliotecas afiliadas a elibro. 
650 4 |a Geriatría. 
655 4 |a Libros electrónicos. 
700 1 |a Camacho Caicedo, Alejandra,  |e autora. 
700 1 |a Atencio De León, Diana,  |e autora. 
797 2 |a elibro, Corp. 
856 4 0 |u https://elibro.unach.elogim.com/es/lc/unach/titulos/281099